Movies Quiz

Random Movies or Marvel Quiz
Score 0/47 Timer 09:00
0 Plays Today
% Correct
Heimdall
96.5%
Johnny Storm (The Human Torch)
94.7%
Steve Rogers (Captain America)
94.7%
Johnny Storm (The Human Torch)
94.7%
Erik Killmonger
93%
Thanos
91.2%
Wade Wilson (Deadpool)
91.2%
Doctor Stephen Strange
91.2%
Happy Hogan
89.5%
J.A.R.V.I.S.
87.7%
Vision
87.7%
Johnny Blaze (Ghost Rider)
87.7%
Nathan Summers (Cable)
84.2%
Bolivar Trask
84.2%
Eitri
78.9%
Betty Ross
77.2%
Rocket Raccoon (On Set)
75.4%
Kraglin
75.4%
Dormammu
75.4%
Cornell 'Cottonmouth' Stokes
70.2%
Spider-Man Noir
66.7%
Eric Koenig
63.2%
Billy Koenig
63.2%
Blade
63.2%
% Correct
Sam Koenig
61.4%
Thurston Koenig
61.4%
Karen AI
61.4%
Minn-Erva
59.6%
Hannibal King
59.6%
Volstagg
57.9%
Frank Castle (Punisher)
57.9%
Thunderbolt Ross
56.1%
Jim Morita
56.1%
Principal Morita
56.1%
Foggy Nelson
52.6%
Laufey, King of the Frost Giants
52.6%
Kenuichio Harada
50.9%
Aaron Davis (Prowler)
44.9%
Sersi
38.6%
Bor
35.1%
Kirigi
33.3%
Carter Slade
31.6%
Finn Cooley
31.6%
Moreau
24.6%
Donald Menken
22.8%
Priest
22.8%
Hedges
21.1%
Remove Ads.
Support Sporcle.
Get the best of Sporcle when you Go Orange. This ad-free experience offers more features, more stats, and more fun while also helping to support Sporcle. Thank you for becoming a member.

You're not logged in!

Compare scores with friends on all Sporcle quizzes.
OR
Log In

Sporcle TV

Today on Sporcle TV


Watch our educational content, quiz creation guides, and fun videos on Sporcle TV.

Show Comments

Extras

Top Quizzes Today


Score Distribution

Paid Content

Your Account Isn't Verified!

In order to create a playlist on Sporcle, you need to verify the email address you used during registration. Go to your Sporcle Settings to finish the process.

Report this User

Report this user for behavior that violates our Community Guidelines.

Details: